书目信息 |
| 题名: |
小型氮肥厂生产
|
|
| 作者: | ||
| 分册: | 压缩与冷冻 | |
| 出版信息: | 北京 燃料化学工业出版社 1969 |
|
| 页数: | 81页 | |
| 开本: | 19cm | |
| 丛书名: | ||
| 单 册: | ||
| 中图分类: | TQ441 | |
| 科图分类: | ||
| 主题词: | 氮肥--生产过程 | |
| 电子资源: | ||
| ISBN: | 15063.1181 | |
| 000 | 00751nam0 2200265 450 | |
| 001 | 0169000159 | |
| 005 | 20100713170135.0 | |
| 010 | @a15063.1181@dCNY0.2 | |
| 091 | @a15063.1181@dCNY0.30 | |
| 100 | @a20060907d1969 em y0chiy0121 ea | |
| 101 | 0 | @achi |
| 102 | @aCN@b110000 | |
| 105 | @aa z 000yy | |
| 106 | @ar | |
| 200 | 1 | @a小型氮肥厂生产@9Xiao Xing Dan Fei Chang;An Sheng Chan @i压缩与冷冻 |
| 210 | @a北京@c燃料化学工业出版社@d1969 | |
| 215 | @a81页@c图@d19cm | |
| 300 | @a工人读物 | |
| 300 | @a书脊题名: 压缩与冷冻 | |
| 516 | 1 | @a压缩与冷冻@9ya suo yu leng dong |
| 517 | 1 | @a压缩与冷冻@9ya suo yu leng dong |
| 606 | 0 | @a氮肥@x生产过程 |
| 690 | @aTQ441@v3 | |
| 801 | 0 | @aCN@b91MARC@c20130904 |
| 905 | @aBZT@dTQ441@e1@f4@sTQ441/1 | |
| 小型氮肥厂生产.压缩与冷冻.-北京:燃料化学工业出版社,1969 |
| 81页:图;19cm |
| 工人读物.-书脊题名: 压缩与冷冻 |
| ISBN 15063.1181:CNY0.2 |
| ● |
| 相关链接 |
|
|
|
正题名:小型氮肥厂生产
索取号:TQ441/1
 
预约/预借
| 序号 | 登录号 | 条形码 | 馆藏地/架位号 | 状态 | 备注 |
| 1 | 2000080058 | 2000080058 | 旧书回溯/ [索取号:TQ441/1] | 在馆 | |
| 2 | 2000080059 | 2000080059 | 旧书回溯/ [索取号:TQ441/1] | 在馆 | |
| 3 | 2000113164 | 2000113164 | 旧书回溯/ [索取号:TQ441/1] | 在馆 | |
| 4 | 2000147908 | 2000147908 | 旧书回溯/ [索取号:TQ441/1] | 在馆 |